000
00300nam a2200109Ia 4500
008
231120s2019 xx 000 0 und d
041
_a
eng
100
_a
WIL FREEBORN
245
_a
LEARN TO PAINT IN WATERCOLOUR WITH 50 SMALL PAINTINGS
260
_a
SEARCH PRESS
_b
SEARCH PRESS
_c
2019
300
_a
P-144
999
_c
933346
_d
933346